[Event "meisterschaft"]
[Site "?"]
[Date "2021.07.31"]
[Round "9.1"]
[White "Chevelevitch, Evgueni, Dr."]
[Black "Waagener, Ulrich"]
[Result "1-0"]
[BlackElo "2077"]
[WhiteElo "2386"]
[LiveChessVersion "1.4.8"]

1. e4 {[%clk 1:30:57]} c5 {[%clk 1:30:30]} 2. Nf3 {[%clk 1:31:20]} a6
{[%clk 1:30:36]} 3. Nc3 {[%clk 1:30:50]} b5 {[%clk 1:30:07]} 4. d4
{[%clk 1:31:05]} cxd4 {[%clk 1:30:10]} 5. Nxd4 {[%clk 1:31:33]} Bb7
{[%clk 1:28:42]} 6. Bd3 {[%clk 1:31:22]} e6 {[%clk 1:25:16]} 7. O-O
{[%clk 1:30:53]} Nc6 {[%clk 1:22:39]} 8. Be3 {[%clk 1:29:38]} Nf6
{[%clk 1:18:01]} 9. Nxc6 {[%clk 1:26:11]} Bxc6 {[%clk 1:18:02]} 10. e5
{[%clk 1:23:13]} Nd5 {[%clk 1:17:55]} 11. Nxd5 {[%clk 1:23:37]} Bxd5
{[%clk 1:18:11]} 12. a4 {[%clk 1:21:20]} b4 {[%clk 1:15:21]} 13. Qg4
{[%clk 1:10:00]} Qc7 {[%clk 1:11:12]} 14. Bd4 {[%clk 1:08:48]} g6
{[%clk 1:10:10]} 15. c4 {[%clk 1:00:29]} bxc3 {[%clk 1:08:59]} 16. Bxc3
{[%clk 1:00:15]} Bc5 {[%clk 1:03:13]} 17. Be4 {[%clk 0:59:55]} Bxe4
{[%clk 1:03:09]} 18. Qxe4 {[%clk 1:00:24]} O-O {[%clk 1:03:21]} 19. Rad1
{[%clk 0:59:59]} Rfb8 {[%clk 0:59:17]} 20. Rd3 {[%clk 0:58:35]} Be7
{[%clk 0:58:30]} 21. Rfd1 {[%clk 0:57:53]} Qc6 {[%clk 0:55:36]} 22. Qf4
{[%clk 0:57:48]} Kg7 {[%clk 0:52:46]} 23. Rxd7 {[%clk 0:55:30]} Rd8
{[%clk 0:52:39]} 24. R7d6 {[%clk 0:51:59]} a5 {[%clk 0:51:40]} 25. h4
{[%clk 0:37:29]} Qb7 {[%clk 0:48:07]} 26. h5 {[%clk 0:37:20]} g5 {[%clk 0:48:07]}
27. Qe3 {[%clk 0:35:17]} Qb3 {[%clk 0:47:13]} 28. R1d4 {[%clk 0:34:52]} Rxd6
{[%clk 0:44:41]} 29. exd6 {[%clk 0:31:56]} Bf6 {[%clk 0:44:49]} 30. Rd2
{[%clk 0:19:20]} e5 {[%clk 0:39:01]} 31. h6+ {[%clk 0:19:14]} Kg8
{[%clk 0:37:14]} 32. Qf3 {[%clk 0:19:31]} 1-0

[Event "meisterschaft"]
[Site "?"]
[Date "2021.07.31"]
[Round "9.2"]
[White "Simon, Ralf-Axel"]
[Black "Boidman, Yuri"]
[Result "1-0"]
[BlackElo "2320"]
[WhiteElo "2079"]
[LiveChessVersion "1.4.8"]

1. c4 {[%clk 1:30:55]} c6 {[%clk 1:30:48]} 2. Nf3 {[%clk 1:31:12]} Nf6
{[%clk 1:30:43]} 3. e3 {[%clk 1:30:40]} d6 {[%clk 1:30:06]} 4. d4
{[%clk 1:29:11]} Nbd7 {[%clk 1:30:19]} 5. Nc3 {[%clk 1:29:19]} e5
{[%clk 1:30:34]} 6. Qc2 {[%clk 1:28:10]} Be7 {[%clk 1:29:51]} 7. Be2
{[%clk 1:18:19]} O-O {[%clk 1:30:13]} 8. O-O {[%clk 1:18:42]} Re8
{[%clk 1:30:27]} 9. Rd1 {[%clk 1:18:44]} Qc7 {[%clk 1:30:39]} 10. Bd2
{[%clk 1:14:13]} Bf8 {[%clk 1:28:11]} 11. Rac1 {[%clk 1:08:32]} a6
{[%clk 1:27:51]} 12. Be1 {[%clk 0:55:51]} b6 {[%clk 1:27:16]} 13. b4
{[%clk 0:47:52]} Bb7 {[%clk 1:24:34]} 14. Nd2 {[%clk 0:35:46]} exd4
{[%clk 1:18:34]} 15. exd4 {[%clk 0:36:15]} c5 {[%clk 1:17:48]} 16. bxc5
{[%clk 0:34:31]} bxc5 {[%clk 1:14:57]} 17. d5 {[%clk 0:34:27]} g6
{[%clk 1:14:51]} 18. Nb3 {[%clk 0:27:54]} Re7 {[%clk 1:07:37]} 19. Bd2
{[%clk 0:24:37]} Rae8 {[%clk 1:07:03]} 20. Bf1 {[%clk 0:25:06]} Bc8
{[%clk 1:06:57]} 21. Na4 {[%clk 0:20:36]} Ne5 {[%clk 1:06:07]} 22. Ba5
{[%clk 0:20:37]} Qd7 {[%clk 1:05:20]} 23. Nb6 {[%clk 0:20:14]} Qf5
{[%clk 1:01:46]} 24. Nxc8 {[%clk 0:20:07]} Qxc8 {[%clk 1:02:13]} 25. h3
{[%clk 0:19:40]} Bh6 {[%clk 0:58:22]} 26. Rb1 {[%clk 0:19:50]} Nh5
{[%clk 0:56:34]} 27. Bd2 {[%clk 0:10:07]} Bxd2 {[%clk 0:53:17]} 28. Nxd2
{[%clk 0:10:25]} Qd8 {[%clk 0:53:29]} 29. Qa4 {[%clk 0:08:39]} Ra7
{[%clk 0:41:46]} 30. Rb3 {[%clk 0:03:15]} Ra8 {[%clk 0:37:44]} 31. Rdb1
{[%clk 0:03:28]} Nf4 {[%clk 0:34:45]} 32. g3 {[%clk 0:02:28]} Qg5 33. Ne4
{[%clk 0:02:55]} Nf3+ {[%clk 0:30:11]} 34. Rxf3 {[%clk 0:01:57]} Rxe4
{[%clk 0:30:41]} 35. Qd7 {[%clk 0:00:54]} Rd8 36. Qc7 {[%clk 0:01:03]} Rde8
{[%clk 0:26:42]} 37. Rb8 {[%clk 0:01:03]} Rxb8 {[%clk 0:25:53]} 38. Qxb8+
{[%clk 0:01:31]} Kg7 {[%clk 0:26:13]} 39. Qxd6 {[%clk 0:01:12]} Ne2+
{[%clk 0:26:38]} 40. Bxe2 {[%clk 0:20:44]} Rxe2 {[%clk 0:55:54]} 41. Qc7
{[%clk 0:17:13]} Re7 42. d6 1-0

[Event "meisterschaft"]
[Site "?"]
[Date "2021.07.31"]
[Round "9.5"]
[White "Namyslo, Holger"]
[Black "Koehler, Gerhard, Dr."]
[Result "1-0"]
[BlackElo "2204"]
[WhiteElo "2135"]
[LiveChessVersion "1.4.8"]

1. e4 {[%clk 1:30:56]} c5 {[%clk 1:30:54]} 2. Nf3 {[%clk 1:31:18]} e6
{[%clk 1:31:14]} 3. d4 {[%clk 1:31:17]} cxd4 {[%clk 1:31:08]} 4. Nxd4
{[%clk 1:31:42]} a6 {[%clk 1:31:18]} 5. Nc3 {[%clk 1:31:45]} Qc7 {[%clk 1:31:26]}
6. Bd3 {[%clk 1:32:03]} Nc6 {[%clk 1:31:28]} 7. Nxc6 {[%clk 1:31:51]} dxc6
{[%clk 1:31:41]} 8. O-O {[%clk 1:31:29]} Nf6 {[%clk 1:32:02]} 9. Be3
{[%clk 1:25:00]} e5 {[%clk 1:31:03]} 10. h3 {[%clk 1:20:52]} Be7 {[%clk 1:29:19]}
11. Na4 {[%clk 1:14:14]} Nd7 {[%clk 1:19:11]} 12. c4 {[%clk 1:12:02]} b6
{[%clk 1:18:23]} 13. f4 {[%clk 1:07:33]} O-O {[%clk 1:05:50]} 14. Qf3
{[%clk 1:03:49]} b5 {[%clk 1:00:10]} 15. cxb5 {[%clk 1:01:50]} axb5
{[%clk 1:00:08]} 16. Nc3 {[%clk 1:02:13]} b4 {[%clk 0:53:39]} 17. Ne2
{[%clk 1:01:18]} Ba6 {[%clk 0:42:46]} 18. Rfd1 {[%clk 0:56:13]} exf4
{[%clk 0:36:06]} 19. Bxf4 {[%clk 0:54:15]} Ne5 {[%clk 0:34:54]} 20. Qg3
{[%clk 0:41:25]} Qb6+ {[%clk 0:30:36]} 21. Be3 {[%clk 0:40:45]} Bc5
{[%clk 0:30:03]} 22. Qxe5 {[%clk 0:40:52]} Bxe3+ {[%clk 0:30:14]} 23. Kh1
{[%clk 0:41:06]} Rad8 {[%clk 0:27:23]} 24. Bxa6 {[%clk 0:39:12]} Qxa6
{[%clk 0:20:44]} 25. Ng3 {[%clk 0:38:53]} Rde8 {[%clk 0:15:32]} 26. Qd6
{[%clk 0:35:52]} Re6 {[%clk 0:13:03]} 27. Qxb4 {[%clk 0:34:34]} c5
{[%clk 0:12:02]} 28. Qb3 {[%clk 0:31:58]} Bd4 {[%clk 0:12:04]} 29. Nf5
{[%clk 0:27:42]} Rb6 {[%clk 0:07:51]} 30. Qg3 {[%clk 0:18:11]} Bxb2
{[%clk 0:06:21]} 31. Rab1 {[%clk 0:17:54]} g6 {[%clk 0:06:29]} 32. Ne7+
{[%clk 0:14:39]} Kg7 {[%clk 0:05:21]} 33. Nd5 {[%clk 0:14:45]} 1-0

[Event "meisterschaft"]
[Site "?"]
[Date "2021.07.31"]
[Round "9.6"]
[White "Braeunlin, Herbert"]
[Black "Gruzmann, Boris"]
[Result "1/2-1/2"]
[BlackElo "2167"]
[WhiteElo "2052"]
[LiveChessVersion "1.4.8"]

1. e4 {[%clk 1:30:55]} c5 {[%clk 1:30:48]} 2. Nf3 {[%clk 1:31:21]} d6
{[%clk 1:31:05]} 3. d4 {[%clk 1:31:20]} cxd4 {[%clk 1:31:25]} 4. Nxd4
{[%clk 1:31:43]} Nf6 {[%clk 1:31:43]} 5. Nc3 {[%clk 1:32:02]} a6 {[%clk 1:32:07]}
6. h3 {[%clk 1:32:17]} e6 {[%clk 1:30:57]} 7. g4 {[%clk 1:32:28]} d5
{[%clk 1:31:06]} 8. Bg5 {[%clk 1:18:22]} dxe4 {[%clk 1:28:06]} 9. Bg2
{[%clk 1:17:20]} Be7 {[%clk 1:24:41]} 10. Nxe4 {[%clk 1:06:21]} Nxe4
{[%clk 1:24:52]} 11. Bxe7 {[%clk 1:06:47]} Qxe7 {[%clk 1:24:51]} 12. Bxe4
{[%clk 1:07:08]} Qb4+ {[%clk 1:20:18]} 13. c3 {[%clk 1:05:42]} Qxb2
{[%clk 1:19:54]} 14. O-O {[%clk 1:06:05]} Nd7 {[%clk 1:17:35]} 15. Rb1
{[%clk 0:58:04]} Qxa2 {[%clk 1:15:40]} 16. Qf3 {[%clk 0:44:03]} O-O
{[%clk 1:13:40]} 17. Bxb7 {[%clk 0:44:04]} Bxb7 {[%clk 1:13:38]} 18. Rxb7
{[%clk 0:44:32]} Ne5 {[%clk 1:07:16]} 19. Qe4 {[%clk 0:38:24]} Qd5
{[%clk 1:03:10]} 20. Qxd5 {[%clk 0:29:49]} exd5 {[%clk 1:03:28]} 21. Ra1
{[%clk 0:28:29]} Rfd8 {[%clk 0:59:31]} 22. f4 {[%clk 0:27:04]} Ng6
{[%clk 0:55:53]} 23. Nc6 {[%clk 0:17:53]} Rdc8 {[%clk 0:52:44]} 24. Rb6
{[%clk 0:14:24]} Kf8 {[%clk 0:51:02]} 25. f5 {[%clk 0:07:41]} Ne7
{[%clk 0:44:15]} 26. Nxe7 {[%clk 0:07:59]} Kxe7 {[%clk 0:44:35]} 27. Ra3
{[%clk 0:08:28]} h6 {[%clk 0:40:23]} 28. Kf2 {[%clk 0:08:41]} Rc4
{[%clk 0:36:18]} 29. Ke3 {[%clk 0:08:41]} a5 {[%clk 0:33:19]} 30. Rb7+
{[%clk 0:08:18]} Kf6 {[%clk 0:33:17]} 31. Kd3 {[%clk 0:08:22]} a4
{[%clk 0:33:12]} 32. Rd7 {[%clk 0:08:00]} Ra5 {[%clk 0:29:15]} 33. Rd6+
{[%clk 0:04:23]} Ke7 {[%clk 0:28:29]} 34. Rxd5 Rxc3+ {[%clk 0:27:47]} 35. Kxc3
{[%clk 0:05:00]} Rxd5 {[%clk 0:28:06]} 36. Rxa4 {[%clk 0:05:28]} Rd1
{[%clk 0:15:51]} 37. Kc4 {[%clk 0:02:52]} Kf6 {[%clk 0:13:43]} 38. Ra6+
{[%clk 0:01:20]} Kg5 {[%clk 0:14:00]} 39. Ra7 {[%clk 0:01:50]} Kf6
{[%clk 0:07:58]} 40. Ra6+ {[%clk 0:02:14]} Ke5 {[%clk 0:08:07]} 41. Ra7
{[%clk 0:02:17]} h5 {[%clk 0:02:26]} 42. Rxf7 {[%clk 0:23:56]} hxg4
{[%clk 0:32:32]} 43. hxg4 {[%clk 0:24:24]} Rd4+ {[%clk 0:32:40]} 44. Kc3
{[%clk 0:24:49]} Rxg4 {[%clk 0:33:01]} 45. Kd3 {[%clk 0:25:37]} 1/2-1/2

[Event "meisterschaft"]
[Site "?"]
[Date "2021.07.31"]
[Round "9.7"]
[White "Leiber, Bernard"]
[Black "Heinemann, Ernst"]
[Result "1-0"]
[BlackElo "2135"]
[WhiteElo "2141"]
[LiveChessVersion "1.4.8"]

1. Nf3 {[%clk 1:30:50]} Nf6 {[%clk 1:30:21]} 2. d4 {[%clk 1:31:10]} c5
{[%clk 1:30:24]} 3. d5 {[%clk 1:29:36]} e6 {[%clk 1:28:05]} 4. Nc3
{[%clk 1:28:51]} exd5 {[%clk 1:24:49]} 5. Nxd5 {[%clk 1:29:00]} Nxd5
{[%clk 1:24:11]} 6. Qxd5 {[%clk 1:29:20]} Be7 {[%clk 1:24:12]} 7. e4
{[%clk 1:29:12]} Nc6 {[%clk 1:22:28]} 8. c3 {[%clk 1:28:41]} O-O {[%clk 1:20:58]}
9. Bc4 {[%clk 1:26:46]} d6 {[%clk 1:13:44]} 10. O-O {[%clk 1:24:57]} Be6
{[%clk 1:09:25]} 11. Qd3 {[%clk 1:24:46]} Bxc4 {[%clk 0:59:15]} 12. Qxc4
{[%clk 1:25:05]} Ne5 {[%clk 0:57:55]} 13. Nxe5 {[%clk 1:23:01]} dxe5
{[%clk 0:58:22]} 14. Be3 {[%clk 1:23:07]} Qc7 {[%clk 0:54:53]} 15. a4
{[%clk 1:21:08]} Qc6 {[%clk 0:49:04]} 16. f3 {[%clk 1:21:09]} Rfd8
{[%clk 0:47:57]} 17. Rfd1 {[%clk 1:20:51]} a6 {[%clk 0:46:30]} 18. a5
{[%clk 1:18:44]} h6 {[%clk 0:45:05]} 19. b3 {[%clk 1:14:32]} Rac8
{[%clk 0:44:24]} 20. Rd5 {[%clk 1:07:41]} Rxd5 {[%clk 0:43:27]} 21. exd5
{[%clk 1:07:59]} Qg6 {[%clk 0:42:27]} 22. b4 {[%clk 1:06:44]} Bg5
{[%clk 0:35:12]} 23. Bxg5 {[%clk 1:02:16]} Qxg5 {[%clk 0:35:32]} 24. Rd1
{[%clk 1:00:24]} Qe3+ {[%clk 0:32:10]} 25. Kf1 {[%clk 1:00:37]} Qf4
{[%clk 0:32:36]} 26. Qxf4 {[%clk 0:55:25]} exf4 {[%clk 0:32:56]} 27. bxc5
{[%clk 0:50:52]} Rxc5 {[%clk 0:33:23]} 28. d6 {[%clk 0:50:26]} Rc8
{[%clk 0:33:25]} 29. c4 {[%clk 0:50:31]} f5 {[%clk 0:28:33]} 30. Rd5
{[%clk 0:48:26]} g6 {[%clk 0:24:11]} 31. Ke2 {[%clk 0:48:33]} Kf7
{[%clk 0:21:27]} 32. Kd3 {[%clk 0:48:22]} Ke6 {[%clk 0:18:38]} 33. Kd4
{[%clk 0:48:27]} Rd8 {[%clk 0:17:41]} 34. c5 {[%clk 0:48:39]} Kd7
{[%clk 0:08:32]} 35. Re5 {[%clk 0:48:48]} Kc6 {[%clk 0:06:33]} 36. Re7
{[%clk 0:48:35]} Rc8 {[%clk 0:06:14]} 37. Rg7 {[%clk 0:47:35]} g5
{[%clk 0:05:42]} 38. Kc4 {[%clk 0:47:38]} g4 {[%clk 0:05:34]} 39. h3
{[%clk 0:47:45]} 1-0

[Event "meisterschaft"]
[Site "?"]
[Date "2021.07.31"]
[Round "9.8"]
[White "Syre, Christian"]
[Black "Lutz, Albert"]
[Result "1/2-1/2"]
[BlackElo "2115"]
[WhiteElo "2249"]
[LiveChessVersion "1.4.8"]

1. d4 {[%clk 1:30:49]} d5 {[%clk 1:30:19]} 2. c4 {[%clk 1:31:07]} e6
{[%clk 1:30:40]} 3. Nc3 {[%clk 1:31:25]} Nf6 {[%clk 1:31:00]} 4. Bg5
{[%clk 1:31:48]} Be7 {[%clk 1:29:51]} 5. e3 {[%clk 1:31:46]} O-O {[%clk 1:29:06]}
6. Nf3 {[%clk 1:30:03]} Nbd7 {[%clk 1:25:50]} 7. cxd5 {[%clk 1:27:28]} Nxd5
{[%clk 1:25:17]} 8. Bxe7 {[%clk 1:27:48]} Qxe7 {[%clk 1:25:11]} 9. Rc1
{[%clk 1:22:42]} c6 {[%clk 1:23:10]} 10. Bc4 {[%clk 1:21:14]} Nxc3
{[%clk 1:17:47]} 11. Rxc3 {[%clk 1:21:06]} e5 {[%clk 1:18:05]} 12. O-O
{[%clk 1:21:30]} e4 {[%clk 1:16:35]} 13. Nd2 {[%clk 1:21:51]} Nf6
{[%clk 1:16:51]} 14. Qc2 {[%clk 1:19:31]} Bf5 {[%clk 1:16:40]} 15. f3
{[%clk 1:09:13]} Rae8 {[%clk 1:15:18]} 16. a3 {[%clk 1:05:15]} Bg6
{[%clk 1:09:45]} 17. f4 {[%clk 1:05:35]} Bf5 {[%clk 1:10:01]} 18. Rc1
{[%clk 0:54:52]} h5 {[%clk 0:56:55]} 19. Nf1 {[%clk 0:45:57]} Be6
{[%clk 0:54:07]} 20. Qe2 {[%clk 0:42:55]} Bd5 {[%clk 0:54:00]} 21. b4
{[%clk 0:41:28]} a6 {[%clk 0:52:13]} 22. Bxd5 {[%clk 0:38:30]} Nxd5
{[%clk 0:52:30]} 23. Rc5 {[%clk 0:38:59]} g6 {[%clk 0:51:42]} 24. Qe1
{[%clk 0:34:38]} Rd8 {[%clk 0:46:10]} 25. R1c2 {[%clk 0:34:51]} Kg7
{[%clk 0:44:08]} 26. h4 {[%clk 0:22:29]} Rd7 {[%clk 0:38:35]} 27. Ng3
{[%clk 0:19:13]} Kh7 {[%clk 0:37:01]} 28. Nh1 {[%clk 0:19:32]} Re8
{[%clk 0:35:16]} 29. Qg3 {[%clk 0:19:42]} Qe6 {[%clk 0:34:42]} 30. Nf2
{[%clk 0:19:58]} f6 {[%clk 0:34:04]} 31. Kf1 {[%clk 0:11:47]} Kg7
{[%clk 0:30:15]} 32. Ke2 {[%clk 0:11:46]} Kf7 {[%clk 0:29:35]} 33. Qh3
{[%clk 0:11:42]} Qxh3 {[%clk 0:28:04]} 34. Nxh3 {[%clk 0:12:10]} Ke6
{[%clk 0:27:39]} 35. Rc1 {[%clk 0:11:11]} Kd6 {[%clk 0:25:37]} 36. Rg1
{[%clk 0:10:51]} f5 {[%clk 0:23:12]} 37. Rgc1 {[%clk 0:11:06]} Rc7
{[%clk 0:21:37]} 38. Nf2 {[%clk 0:10:43]} Ra8 {[%clk 0:21:56]} 39. Nd1
{[%clk 0:11:09]} b6 {[%clk 0:22:03]} 40. R5c2 {[%clk 0:10:56]} a5
{[%clk 0:22:05]} 41. Nc3 {[%clk 0:10:02]} axb4 {[%clk 0:16:09]} 42. Nxd5
{[%clk 0:08:21]} Kxd5 {[%clk 0:16:29]} 43. axb4 {[%clk 0:08:42]} b5
{[%clk 0:16:35]} 44. Rc5+ {[%clk 0:08:34]} Kd6 {[%clk 0:16:51]} 45. d5
{[%clk 0:08:52]} Ra6 {[%clk 0:12:18]} 46. R1c2 {[%clk 0:02:45]} Rb6
{[%clk 0:08:19]} 47. Kd2 {[%clk 0:24:47]} Ra6 {[%clk 0:38:02]} 48. Kc1
{[%clk 0:25:02]} Ra3 {[%clk 0:37:54]} 49. Rxc6+ {[%clk 0:24:19]} Rxc6
{[%clk 0:38:15]} 50. Rxc6+ {[%clk 0:21:27]} Kxd5 {[%clk 0:38:05]} 51. Rc5+
{[%clk 0:21:22]} Kd6 {[%clk 0:36:13]} 52. Rxb5 {[%clk 0:21:10]} Rxe3
{[%clk 0:36:29]} 53. Rb6+ {[%clk 0:21:21]} Kd5 {[%clk 0:36:45]} 54. Rxg6
{[%clk 0:21:40]} Kc4 {[%clk 0:36:59]} 55. b5 {[%clk 0:19:14]} Rb3
{[%clk 0:34:17]} 56. b6 {[%clk 0:19:21]} Kd3 {[%clk 0:34:35]} 57. Rd6+
{[%clk 0:18:56]} Ke3 {[%clk 0:34:27]} 58. Kc2 {[%clk 0:18:41]} Rb5
{[%clk 0:34:50]} 59. Kc3 {[%clk 0:14:25]} Kxf4 {[%clk 0:34:52]} 60. Kc4
{[%clk 0:14:54]} Rb2 {[%clk 0:34:00]} 61. Kc5 {[%clk 0:14:13]} Kg3
{[%clk 0:29:40]} 62. Rg6+ {[%clk 0:10:02]} Kf2 {[%clk 0:28:41]} 63. Rf6
{[%clk 0:09:59]} e3 {[%clk 0:22:45]} 64. Rxf5+ {[%clk 0:10:26]} Kxg2
{[%clk 0:22:59]} 65. Rxh5 {[%clk 0:10:37]} e2 {[%clk 0:22:37]} 66. Re5
{[%clk 0:11:03]} Kf2 {[%clk 0:22:54]} 67. Kc6 {[%clk 0:11:03]} Rc2+
{[%clk 0:22:17]} 68. Kd6 {[%clk 0:11:08]} Rb2 {[%clk 0:22:37]} 69. Kc7
{[%clk 0:11:27]} Rc2+ {[%clk 0:22:48]} 1/2-1/2

[Event "meisterschaft"]
[Site "?"]
[Date "2021.07.31"]
[Round "9.9"]
[White "Krueger, Erich"]
[Black "Juhnke, Juergen"]
[Result "0-1"]
[BlackElo "2272"]
[WhiteElo "2106"]
[LiveChessVersion "1.4.8"]

1. d4 {[%clk 1:30:56]} Nf6 {[%clk 1:30:55]} 2. c4 {[%clk 1:31:21]} g6
{[%clk 1:31:19]} 3. Nc3 {[%clk 1:31:45]} Bg7 {[%clk 1:31:44]} 4. e4
{[%clk 1:32:08]} d6 {[%clk 1:32:09]} 5. Be2 {[%clk 1:32:32]} O-O {[%clk 1:32:30]}
6. Bg5 {[%clk 1:32:55]} c5 {[%clk 1:32:41]} 7. d5 {[%clk 1:33:13]} h6
{[%clk 1:32:57]} 8. Bf4 {[%clk 1:33:32]} e6 {[%clk 1:33:09]} 9. dxe6
{[%clk 1:33:42]} Bxe6 {[%clk 1:33:32]} 10. Bxd6 {[%clk 1:33:49]} Re8
{[%clk 1:33:39]} 11. e5 {[%clk 1:30:48]} Nfd7 {[%clk 1:34:02]} 12. f4
{[%clk 1:30:57]} g5 {[%clk 1:34:03]} 13. Nf3 {[%clk 1:22:12]} Nc6
{[%clk 1:33:41]} 14. O-O {[%clk 1:09:22]} gxf4 {[%clk 1:33:17]} 15. Nd5
{[%clk 1:01:52]} Ndxe5 {[%clk 1:23:31]} 16. Bxc5 {[%clk 0:56:07]} b6
{[%clk 1:19:40]} 17. Nxe5 {[%clk 0:51:50]} Bxe5 {[%clk 1:16:16]} 18. Ba3
{[%clk 0:50:22]} Qg5 {[%clk 1:10:44]} 19. Bf3 {[%clk 0:47:19]} Rad8
{[%clk 1:10:39]} 20. Qa4 {[%clk 0:43:52]} Nd4 {[%clk 1:08:26]} 21. Qxa7
{[%clk 0:38:38]} Bh3 {[%clk 1:06:46]} 22. Rf2 {[%clk 0:32:21]} Nxf3+
{[%clk 1:05:06]} 23. Kh1 {[%clk 0:32:35]} Bd4 {[%clk 0:56:36]} 24. Be7
{[%clk 0:24:58]} Rxe7 {[%clk 0:53:16]} 25. Nxe7+ {[%clk 0:18:54]} Kf8
{[%clk 0:53:14]} 26. Re2 {[%clk 0:15:39]} Nh4 {[%clk 0:52:03]} 27. gxh3
{[%clk 0:10:26]} f3 0-1

[Event "meisterschaft"]
[Site "?"]
[Date "2021.07.31"]
[Round "9.10"]
[White "Keller, Harald"]
[Black "Kierzek, Matthias, Dr."]
[Result "1/2-1/2"]
[BlackElo "2201"]
[WhiteElo "2002"]
[LiveChessVersion "1.4.8"]

1. e4 {[%clk 1:30:56]} c6 {[%clk 1:30:55]} 2. d4 {[%clk 1:31:15]} d5
{[%clk 1:31:19]} 3. e5 {[%clk 1:31:29]} Bf5 {[%clk 1:31:42]} 4. Nd2
{[%clk 1:31:46]} e6 {[%clk 1:31:59]} 5. Nb3 {[%clk 1:32:05]} c5 {[%clk 1:29:49]}
6. dxc5 {[%clk 1:31:59]} Bxc5 {[%clk 1:29:59]} 7. Nxc5 {[%clk 1:31:45]} Qa5+
{[%clk 1:30:25]} 8. c3 {[%clk 1:31:16]} Qxc5 {[%clk 1:30:47]} 9. Be3
{[%clk 1:29:57]} Qc7 {[%clk 1:30:29]} 10. f4 {[%clk 1:26:00]} Ne7
{[%clk 1:27:22]} 11. Nf3 {[%clk 1:25:53]} Nbc6 {[%clk 1:26:38]} 12. Bd3
{[%clk 1:22:00]} O-O {[%clk 1:18:36]} 13. O-O {[%clk 1:21:54]} Rac8
{[%clk 1:16:22]} 14. Kh1 {[%clk 1:18:44]} Bxd3 {[%clk 1:07:24]} 15. Qxd3
{[%clk 1:18:58]} Nf5 {[%clk 1:07:20]} 16. Bf2 {[%clk 1:15:43]} a6
{[%clk 1:02:24]} 17. g4 {[%clk 1:09:01]} Nfe7 {[%clk 1:00:07]} 18. Rae1
{[%clk 1:03:01]} g6 {[%clk 0:49:02]} 1/2-1/2

[Event "meisterschaft"]
[Site "?"]
[Date "2021.07.31"]
[Round "9.11"]
[White "Schulz, Michael"]
[Black "Kannenberg, Karl-Heinz"]
[Result "1/2-1/2"]
[BlackElo "2126"]
[WhiteElo "2165"]
[LiveChessVersion "1.4.8"]

1. d4 {[%clk 1:30:57]} d5 {[%clk 1:30:54]} 2. Bf4 {[%clk 1:31:14]} Nf6
{[%clk 1:31:10]} 3. e3 {[%clk 1:31:30]} e6 {[%clk 1:31:26]} 4. Nd2
{[%clk 1:31:44]} c5 {[%clk 1:31:23]} 5. c3 {[%clk 1:32:01]} Bd6 {[%clk 1:31:29]}
6. Bg3 {[%clk 1:32:20]} Qc7 {[%clk 1:31:09]} 7. Ngf3 {[%clk 1:32:07]} Nbd7
{[%clk 1:30:53]} 8. Bd3 {[%clk 1:32:02]} O-O {[%clk 1:30:44]} 9. O-O
{[%clk 1:27:36]} Bxg3 {[%clk 1:30:53]} 10. hxg3 {[%clk 1:25:45]} e5
{[%clk 1:31:14]} 11. dxe5 {[%clk 1:24:45]} Nxe5 {[%clk 1:31:36]} 12. Nxe5
{[%clk 1:24:30]} Qxe5 {[%clk 1:31:59]} 13. Qa4 {[%clk 1:21:24]} Bf5
{[%clk 1:26:30]} 14. Nf3 {[%clk 1:19:21]} Qe6 {[%clk 1:26:48]} 15. Bxf5
{[%clk 1:17:47]} Qxf5 {[%clk 1:27:08]} 16. Qf4 {[%clk 1:10:45]} Qe6
{[%clk 1:25:21]} 17. Rfd1 {[%clk 1:08:34]} Rfe8 {[%clk 1:24:10]} 18. Rd2
{[%clk 1:08:02]} Qa6 {[%clk 1:15:15]} 19. Ne5 {[%clk 1:00:43]} Qe6
{[%clk 1:15:20]} 20. Nf3 {[%clk 1:00:27]} Qb6 {[%clk 1:12:39]} 21. Ne5
{[%clk 0:56:44]} Qe6 {[%clk 1:12:57]} 22. Nf3 {[%clk 0:56:37]} Qb6
{[%clk 1:13:11]} 23. Ne5 {[%clk 0:54:13]} 1/2-1/2

[Event "meisterschaft"]
[Site "?"]
[Date "2021.07.31"]
[Round "9.12"]
[White "Strobel, Walter"]
[Black "Neumann, Joachim"]
[Result "1-0"]
[BlackElo "2094"]
[WhiteElo "2162"]
[LiveChessVersion "1.4.8"]

1. e4 {[%clk 1:30:53]} c5 {[%clk 1:30:52]} 2. Nf3 {[%clk 1:30:55]} Nc6
{[%clk 1:30:49]} 3. d4 {[%clk 1:31:18]} cxd4 {[%clk 1:31:10]} 4. Nxd4
{[%clk 1:31:43]} Nf6 {[%clk 1:31:32]} 5. Nc3 {[%clk 1:32:00]} e5 {[%clk 1:31:09]}
6. Ndb5 {[%clk 1:32:23]} d6 {[%clk 1:31:31]} 7. Bg5 {[%clk 1:32:45]} a6
{[%clk 1:31:45]} 8. Na3 {[%clk 1:33:10]} b5 {[%clk 1:32:04]} 9. Bxf6
{[%clk 1:33:29]} gxf6 {[%clk 1:32:26]} 10. Nd5 {[%clk 1:33:55]} Bg7
{[%clk 1:32:37]} 11. Bd3 {[%clk 1:33:14]} Be6 {[%clk 1:28:43]} 12. c3
{[%clk 1:31:56]} f5 {[%clk 1:26:56]} 13. Nxb5 {[%clk 1:30:43]} Bxd5
{[%clk 0:52:38]} 14. exd5 {[%clk 1:31:07]} Ne7 {[%clk 0:53:03]} 15. Na3
{[%clk 1:31:29]} e4 {[%clk 0:53:19]} 16. Qa4+ {[%clk 1:28:18]} Kf8
{[%clk 0:52:59]} 17. Be2 {[%clk 1:24:33]} Nxd5 {[%clk 0:48:38]} 18. Rd1
{[%clk 1:24:25]} Nb6 {[%clk 0:47:59]} 19. Qb4 {[%clk 1:23:26]} Be5
{[%clk 0:44:57]} 20. O-O {[%clk 1:22:39]} a5 {[%clk 0:25:10]} 21. Qb5
{[%clk 1:21:42]} Rg8 {[%clk 0:25:22]} 22. f4 {[%clk 1:08:38]} exf3
{[%clk 0:24:49]} 23. Rxf3 {[%clk 1:05:40]} Rb8 {[%clk 0:11:56]} 24. Rxf5
{[%clk 1:03:42]} Qh4 {[%clk 0:10:57]} 25. Rh5 {[%clk 1:01:33]} Qe4
{[%clk 0:09:12]} 26. Bf1 {[%clk 1:00:36]} Qg4 {[%clk 0:07:39]} 27. Qe2
{[%clk 1:00:16]} Qxe2 {[%clk 0:05:26]} 28. Bxe2 {[%clk 1:00:41]} Na4
{[%clk 0:05:44]} 29. Nc4 {[%clk 0:54:38]} Bf6 {[%clk 0:03:07]} 30. Rxd6
{[%clk 0:52:33]} Be7 {[%clk 0:03:10]} 31. Rd2 {[%clk 0:52:19]} Kg7
{[%clk 0:01:10]} 32. Rxa5 {[%clk 0:52:21]} Nc5 {[%clk 0:01:31]} 33. Bf3
{[%clk 0:51:53]} Ne6 {[%clk 0:01:58]} 1-0